Проблемы повышения эффективности использования ЭВМ большой производительности: сборник статей

Dades bibliogràfiques
Autor corporatiu: Академия наук СССР (АН СССР) Вычислительный центр
Altres autors: Копытов М. А. (редактор), Михайлов Г. М.
Sumari:Исключено из фонда НТБ ТПУ
Idioma:rus
Publicat: Москва, ВЦ АН СССР, 1989
Format: MixedMaterials Llibre
KOHA link:https://koha.lib.tpu.ru/cgi-bin/koha/opac-detail.pl?biblionumber=220513

MARC

LEADER 00000nam0a2200000 4500
001 220513
005 20231031195423.0
020 |a RU  |b 90-7512 
035 |a (RuTPU)RU\TPU\book\240638 
090 |a 220513 
100 |a 20120827d1989 k y0rusy5003 ca 
101 0 |a rus 
102 |a RU 
105 |a y z 001zy 
200 1 |a Проблемы повышения эффективности использования ЭВМ большой производительности  |e сборник статей  |f Академия наук СССР (АН СССР), Вычислительный центр; под ред. М. А. Копытова; Г. М. Михайлова 
210 |a Москва  |c ВЦ АН СССР  |d 1989 
215 |a 144 с. 
333 |a Исключено из фонда НТБ ТПУ 
702 1 |a Копытов  |b М. А.  |4 340 
702 1 |a Михайлов  |b Г. М.  |4 340 
712 0 2 |a Академия наук СССР (АН СССР)  |b Вычислительный центр 
801 0 |a RU  |b RuMRKP  |c 19950417  |g psbo 
801 1 |a RU  |b 63413507  |c 20120827 
801 2 |a RU  |b 63413507  |c 20220412  |g RCR 
942 |c BK